Elements of machine design (Record no. 67964)

000 -LEADER
fixed length control field 00421nam a22001697a 4500
003 - CONTROL NUMBER IDENTIFIER
control field NUST - PNEC
005 - DATE AND TIME OF LATEST TRANSACTION
control field 20170116181037.0
008 - FIXED-LENGTH DATA ELEMENTS--GENERAL INFORMATION
fixed length control field 150919b xxu||||| |||| 00| 0 eng d
020 ## - INTERNATIONAL STANDARD BOOK NUMBER
International Standard Book Number -
040 ## - CATALOGING SOURCE
Transcribing agency LIBRARY
082 ## - DEWEY DECIMAL CLASSIFICATION NUMBER
Classification number 621.81 ROS
100 ## - MAIN ENTRY--PERSONAL NAME
9 (RLIN) 11435
Personal name Rosenthal, Emanuel
245 ## - TITLE STATEMENT
Title Elements of machine design
Statement of responsibility, etc. Emanuel Rosenthal
260 ## - PUBLICATION, DISTRIBUTION, ETC.
Date of publication, distribution, etc. c.1955
650 ## - SUBJECT ADDED ENTRY--TOPICAL TERM
9 (RLIN) 11440
Topical term or geographic name entry element Machine design
General subdivision ME
942 ## - ADDED ENTRY ELEMENTS (KOHA)
Source of classification or shelving scheme
Koha item type Book
Holdings
Withdrawn status Lost status Source of classification or shelving scheme Damaged status Not for loan Permanent Location Current Location Shelving location Date acquired Total Checkouts Full call number Barcode Date last seen Price effective from Koha item type
          Pakistan Navy Engineering College (PNEC) Pakistan Navy Engineering College (PNEC)       621.81 ROS PNECLIB-001337 09/19/2015   Book
© 2023 Central Library, National University of Sciences and Technology. All Rights Reserved.